Online Catalogue and eLibrary

Terror and liberalism / (Record no. 449)

MARC details
000 -LEADER
fixed length control field 00499cam a22002054a 4500
001 - CONTROL NUMBER
control field 13041580
005 - DATE AND TIME OF LATEST TRANSACTION
control field 20240221035421.0
008 - FIXED-LENGTH DATA ELEMENTS--GENERAL INFORMATION
fixed length control field 021224s2003 nyu b 000 0 eng
020 ## - INTERNATIONAL STANDARD BOOK NUMBER
ISBN 0393057755 (hc)
040 ## - CATALOGING SOURCE (பட்டியலாக்க மூலம்)
Original cataloging agency DLC
Transcribing agency DLC
Modifying agency DLC
082 00 - DDC Classification
Class No. 320,51.
DDC Edition Number 21
Item Number - Author Mark TER.
100 1# - MAIN ENTRY--PERSONAL NAME
Personal name Berman, Paul,
245 10 - TITLE STATEMENT
Title Terror and liberalism /
Statement of responsibility, etc. Paul Berman.
250 ## - EDITION STATEMENT
Edition statement 1st ed.
260 ## - PUBLICATION, DISTRIBUTION, ETC.
Place of publication, distribution, etc. New York :
Name of publisher, distributor, etc. Norton,
Date of publication, distribution, etc. 2003.
300 ## - PHYSICAL DESCRIPTION
Extent (e.g. Volumes, Pages etc.) 214 p. ;
650 #0 - SUBJECT ADDED ENTRY--TOPICAL TERM
Topical term or geographic name entry element Terrorism.
650 #0 - SUBJECT ADDED ENTRY--TOPICAL TERM
Topical term or geographic name entry element Liberalism.
942 ## - Koha item type (Biblio)
Koha item type Books in Stacks (Lending)
Holdings
Lost status Damaged status Collection code Home library Current library Date acquired Full call number Accession Number Item type
    Lending WERC Library WERC Library 02/21/2024 320,51. TER. 1912 Books in Stacks (Lending)

© WERC Library